| 000 | 00332nam a22001337a 4500 | ||
|---|---|---|---|
| 082 |
_a823 _bRUS/D |
||
| 100 | _aRUSSELL, RACHEL RENEE | ||
| 245 | _aDORK DIARIES: T V STAR | ||
| 246 |
_aDORK DIARIES: T V STAR _bDORK DIARIES: T V STAR |
||
| 260 |
_aU K _bSIMON& SCHUSTER _c2014 |
||
| 300 | _a320 | ||
| 650 | _aENGLISH STORY | ||
| 942 | _cBK | ||
| 999 |
_c9073 _d9073 |
||